| 000 | 00876nam a2200241Ia 4500 | ||
|---|---|---|---|
| 003 | GCL | ||
| 008 | 140319s9999 xx 000 0 ara d | ||
| 040 |
_aGCL / _cGCL |
||
| 082 | 0 | 4 |
_a320.9565 _bب م |
| 100 | 1 | _aبرهان غليون | |
| 245 | 1 | 0 |
_aمعركة الاصلاح فى سوريا / _cبرهان غليون |
| 700 | 1 | _aرضوان زيادة | |
| 700 | 1 | _aحازم نهار | |
| 250 | _aالاولى | ||
| 260 |
_aالقاهرة : _bمركز القاهرة لدراسات حقوق الانسان ، _c2006 |
||
| 300 |
_a251 ص ؛ _c24 سم |
||
| 490 |
_aسلسلة قضايا الاصلاح _v9 |
||
| 650 | 0 | 4 | _aالمجتمع المدنى - سوريا |
| 650 | 0 | 4 | _aسوريا - الاحوال السياسية |
| 650 | 0 | 4 | _aسوريا - العلاقات الخارجية - لبنان |
| 650 | 0 | 4 | _aحقوق الانسان - سوريا |
| 942 |
_2ddc _cBK |
||
| 999 |
_c8911 _d8911 |
||